Analýza fiškálnej politiky vybraných krajín EÚ bakalárska práca

Gespeichert in:
Bibliographische Detailangaben
1. Verfasser: Mihalkovičová, Ivana
Körperschaft: Národohospodárska fakulta EU. Katedra financií
Weitere Verfasser: Jankech, Jozef
Format: Buch
Sprache:Slowakisch
Veröffentlicht: Bratislava 2015
Tags: Tag hinzufügen
Keine Tags, Fügen Sie das erste Tag hinzu!

MARC

LEADER 00000nbm a2200000 4500
001 0206377
005 20161212094804.0
041 0 |a slo 
044 |a SK 
245 1 0 |a Analýza fiškálnej politiky vybraných krajín EÚ  |b bakalárska práca  |c Ivana Mihalkovičová ; školiteľ: Jozef Jankech 
264 1 |a Bratislava  |c 2015 
300 |a 40 s. 
100 1 |a Mihalkovičová, Ivana 
700 1 |a Jankech, Jozef 
710 2 |a Národohospodárska fakulta EU. Katedra financií